Central Library OPAC University of Rajshahi

Mass-transfer operations / (Record no. 70801)

MARC details
000 -LEADER
fixed length control field 00995nam a2200301 a 4500
001 - CONTROL NUMBER
control field 70801
003 - CONTROL NUMBER IDENTIFIER
rucl marc code BD-RjUL
005 - DATE AND TIME OF LATEST TRANSACTION
control field 20211209082036.0
008 - FIXED-LENGTH DATA ELEMENTS--GENERAL INFORMATION
fixed length control field 170419s1981 nyua b 001 0 eng
020 ## - INTERNATIONAL STANDARD BOOK NUMBER
International Standard Book Number 0070651760
035 ## - SYSTEM CONTROL NUMBER
System control number (BD-RjUL)71015
040 ## - CATALOGING SOURCE
Original cataloging agency DLC
Transcribing agency DLC
Modifying agency DLC
-- BD-RjUL
Language of cataloging eng
041 ## - LANGUAGE CODE
Language code of text/sound track or separate title eng
082 00 - DEWEY DECIMAL CLASSIFICATION NUMBER
Classification number 660.28422
Edition number 23
Author mark and year TRM 1981
100 1# - MAIN ENTRY--PERSONAL NAME
Personal name Treybal, Robert Ewald,
Dates associated with a name 1915-
9 (RLIN) 209556
245 10 - TITLE STATEMENT
Title Mass-transfer operations /
Statement of responsibility, etc. Robert E. Treybal.
250 ## - EDITION STATEMENT
Edition statement 3d ed.
Edition statement International Student Edition
260 ## - PUBLICATION, DISTRIBUTION, ETC. (IMPRINT)
Place of publication, distribution, etc. New York :
Name of publisher, distributor, etc. McGraw-Hill,
Date of publication, distribution, etc. c1980.
300 ## - PHYSICAL DESCRIPTION
Pagination xiv, 784 p. :
Illustrations ill. ;
Size 25 cm.
490 0# - SERIES STATEMENT
Series statement McGraw-Hill chemical engineering series
504 ## - BIBLIOGRAPHY, ETC. NOTE
Bibliography, etc Includes bibliographical references and index.
650 #0 - SUBJECT ADDED ENTRY--TOPICAL TERM
Topical term or geographic name as entry element Chemical engineering.
9 (RLIN) 209557
Topical term or geographic name as entry element Mass transfer.
9 (RLIN) 159950
830 ## - SERIES ADDED ENTRY--UNIFORM TITLE
Uniform title McGraw-Hill chemical engineering series
856 41 - ELECTRONIC LOCATION AND ACCESS
Materials specified Table of contents
Uniform Resource Identifier <a href="http://www.loc.gov/catdir/toc/mh021/78027876.html">http://www.loc.gov/catdir/toc/mh021/78027876.html</a>
942 ## - ADDED ENTRY ELEMENTS (KOHA)
Source of classification or shelving scheme Dewey Decimal Classification
Koha item type Books
Holdings
Lost status Source of classification or shelving scheme Damaged status Not for loan Collection code Permanent Location Current Location Shelving location Date acquired Source of acquisition Cost, normal purchase price Total Checkouts Full call number Date last seen Copy number Koha item type
  Dewey Decimal Classification   Not For Loan Non-fiction Central Library, University of Rajshahi Central Library, University of Rajshahi Reading Room 05/05/1983 Heffers. 8.50   660.28422 TRM 1981 20/04/2017 C-1 Books
  Dewey Decimal Classification     Non-fiction Central Library, University of Rajshahi Central Library, University of Rajshahi   05/05/1983 Heffer & sons 8.50   660.28422 TRM 1981 21/11/2019 C-2 Books
  Dewey Decimal Classification     Non-fiction Central Library, University of Rajshahi Central Library, University of Rajshahi   05/05/1983 Heffer & sons 8.50   660.28422 TRM 1981 21/11/2019 C-3 Books
  Dewey Decimal Classification     Non-fiction Central Library, University of Rajshahi Central Library, University of Rajshahi   05/05/1983 Heffer & sons 8.50   660.28422 TRM 1981 21/11/2019 C-4 Books
  Dewey Decimal Classification     Non-fiction Central Library, University of Rajshahi Central Library, University of Rajshahi   05/05/1983 Heffer & sons 8.50   660.28422 TRM 1981 21/11/2019 C-5 Books
  Dewey Decimal Classification     Non-fiction Central Library, University of Rajshahi Central Library, University of Rajshahi   05/05/1983 Heffer & sons , London 8.50   660.28422 TRM 1981 03/12/2019 C-6 Books